Efekt informačného ukotvenia a nadmerná sebadôvera – experimentálna štúdia

Cieľom predkladaného príspevku je predložiť experimentálne získaný dôkaz o existencii a pretrvávaní efektu informačného ukotvenia a testovať vplyv nadmernej sebadôvery (overconfidence) participantov experimentu na informačné ukotvenie.

Saved in:
Bibliographic Details
Main Author: Šinský, Michal
Format: Book Chapter
Language:Slovak
Subjects:
Tags: Add Tag
No Tags, Be the first to tag this record!

MARC

LEADER 00000nla$a2200000$$$4500
001 0113803
005 20241118101039.7
041 0 |a slo 
044 |a CZ 
245 1 0 |a Efekt informačného ukotvenia a nadmerná sebadôvera – experimentálna štúdia  |c Michal Šinský 
520 |a Cieľom predkladaného príspevku je predložiť experimentálne získaný dôkaz o existencii a pretrvávaní efektu informačného ukotvenia a testovať vplyv nadmernej sebadôvery (overconfidence) participantov experimentu na informačné ukotvenie. 
610 2 0 |a rozhodovanie 
610 2 0 |a rozhodovanie za neurčitosti 
610 2 0 |a rozhodovanie za rizika 
610 2 0 |a informácie 
610 2 0 |a psychológia 
610 2 0 |a sebadôvera 
100 1 |a Šinský, Michal